| 000 | 00946cam a2200349M 4500 | ||
|---|---|---|---|
| 001 | 81608 | ||
| 005 | 20230411090037.0 | ||
| 008 | 080514s2007 sp 000 0 spa d | ||
| 035 | _a(OCoLC)ocn433768801 | ||
| 040 |
_aBNM _erdc _bspa _cBNM |
||
| 015 | _aMON0901 | ||
| 017 | _aM 13418-2007 | ||
| 020 | _a9788484832775 | ||
| 020 | _a8484832775 | ||
| 035 | _a(OCoLC)433768801 | ||
| 080 | _a316.72 | ||
| 080 | _a342.716 | ||
| 049 | _aGRAL | ||
| 100 | 1 |
_aOtaola, Javier _d1956- |
|
| 245 | 1 | 0 |
_aCiudadania e identidad _h[Texto impreso] : _buna nueva emocion de lo pâublico _cJavier Otaola. |
| 250 | _a1a. ed. | ||
| 260 |
_a[Madrid] _bLaberinto _c2007. |
||
| 300 |
_a189 p. _c19 cm. |
||
| 490 | 1 |
_aColecciâon laberinto politico _v12 |
|
| 504 | _aBibliografia: p. 189. | ||
| 650 | 7 | _aIdentidad cultural. | |
| 650 | 7 | _aCiudadania. | |
| 830 | 0 |
_aLaberinto politico _v12. |
|
| 942 |
_2lcc _cbk |
||
| 994 |
_aC0 _bDRFGD |
||
| 946 | _aog | ||
| 999 |
_c111494 _d111494 |
||